| 000 | 02349nam a2200265Ia 4500 | ||
|---|---|---|---|
| 999 |
_c42425 _d42425 |
||
| 001 | 9121 | ||
| 003 | GE_BSU | ||
| 005 | 20240606113755.0 | ||
| 008 | 181216s2013||||ge |||||||||||||| ||geo|| | ||
| 040 | _cGE_BSU | ||
| 041 | _ageo | ||
| 080 | _a94(479.223)+82-93 ბ–52 | ||
| 100 |
_aბერიანიძე, მაყვალა _922333 |
||
| 245 |
_aაჭარაში ცასთან ახლოს...დიდი ნენეს საიდუმლოებით მოცული თორმეტი კიდობანი და ერთი ჯადოსნური გასაღები : _bწიგნი გათვალისწინებულია სკოლების მე-2 კლ. მოსწ. მე-3 წიგნი 5 ნაწილად. მე-3 წიგნის II ნაწ. / _cმაყვალა ბერიანიძე ; იდეის ავტ. ალ. მერმანიშვილი ; რედ. ჯემალ ფუტკარაძე. |
||
| 250 | _a1-ლი გამოცემა | ||
| 264 |
_aთბილისი : _bშპს "პრინტ–მასტერი, _c2013. |
||
| 300 |
_a77გვ.; _c29 სმ. |
||
| 490 | _aპროექტი "ხატიმამული" 1 ნაწ. | ||
| 500 | _a აჭარის ისტორია ბავშვებისათვის. პროექტი ხორციელდება მეუფე დიმიტრის ლოცვა–კურთხევით | ||
| 520 | _aპროექტი "ხატიმამული" 1 ნაწ. აჭარის ისტორია ბავშვებისათვის.პროექტი ხორციელდება მეუფე დიმიტრის ლოცვა–კურთხევით | ||
| 653 | _aაჭარაში ცასთან ახლოს...დიდი ნენეს საიდუმლოებით მოცული თორმეტი კიდობანი და ერთი ჯადოსნური გასაღები | ||
| 653 | _aაჭარის ისტორია ბავშვებისათვის | ||
| 700 |
_aფუტკარაძე, ჯემალ _eრედაქტორი _922334 |
||
| 942 |
_cBK _2udc |
||